Vozvrashchenie Chorba /

Bibliographic Details
Main Author: Nabokov, Vladimir Vladimirovich, 1899-1977
Format: Book
Language:Russian
Published: Ann Arbor : Ardis, 1976
Series:Nabokov, Vladimir Vladimirovich, 1899-1977. Sobranie rasskazov i povestei ; t. 1.

MARC

Tag First Indicator Second Indicator Subfields
LEADER 00000cam a2200000 a 4500
001 in00000087579
005 20151008064849.0
008 761115r1976 miu 00011 rus d
020 |a 0882332252 :  |c $10.00. 
020 |a 0882332260 (pbk.:)  |c $5.00 
035 |a (OCoLC)02558892 
035 |9 AAK4936AM 
040 |a WLU  |c WLU  |d TXA  |d UtOrBLW 
049 |a TXAM  |c [1442766] 
090 |a PG3476 N3  |b  V6 1976 
100 1 |a Nabokov, Vladimir Vladimirovich,  |d 1899-1977. 
245 1 0 |a Vozvrashchenie Chorba /  |c Vladimir Nabokov. 
264 1 |a Ann Arbor :  |b Ardis,  |c 1976 
264 4 |c ©1929 
300 |a 205 pages ;  |c 20 cm. 
336 |a text  |b txt  |2 rdacontent 
337 |a unmediated  |b n  |2 rdamedia 
338 |a volume  |b nc  |2 rdacarrier 
490 1 |a Sobranie rasskazov i povestei ;  |v t. 1 
500 |a In Cyrillic characters. 
500 |a Short stories. 
500 |a Reprint. Originally published : Berlin : Slovo, 1930. 
800 1 |a Nabokov, Vladimir Vladimirovich,  |d 1899-1977.  |t Sobranie rasskazov i povestei ;  |v t. 1. 
999 |a MARS 
999 f f |s d14d538a-a6be-3051-8a41-4b5d303ffcf0  |i d10f9d57-18a8-32e6-bcda-b1053e09bad0  |t 0 
952 f f |p ric  |a Texas A&M University  |b Rellis Campus  |c Joint Library Facility  |s JLF  |d Remote Storage  |t 0  |e PG3476 N3 V6 1976  |h Library of Congress classification  |i unmediated -- volume  |m A14806175907 
998 f f |a PG3476 N3 V6 1976  |t 0  |l Remote Storage